| 000 | 00688nam a2200229Ia 4500 | ||
|---|---|---|---|
| 003 | GCL | ||
| 008 | 140319s9999 xx 000 0 ara d | ||
| 040 |
_aGCL / _cGCL |
||
| 082 | 0 | 4 |
_a301 _bس م |
| 100 | 1 | _aسناء الخولى | |
| 245 | 1 | 0 |
_aالمدخل الى علم الاجتماع / _cسناء الخولى |
| 260 |
_a[S.N] : _bدار المعرفة الجامعية ، _c1994 |
||
| 300 | _a409 ص | ||
| 490 | _a | ||
| 650 | 0 | 4 | _aالمجتمع |
| 650 | 0 | 4 | _aالثقافة |
| 650 | 0 | 4 | _aالاجتماع |
| 650 | 0 | 4 | _aالتغير الاجتماعى |
| 650 | 0 | 4 | _aالتفاعل الاجتماعى |
| 650 | 0 | 4 | _aعلم الاجتماع العلمى |
| 942 |
_2ddc _cBK |
||
| 999 |
_c29754 _d29754 |
||